<?xml version="1.0" encoding="UTF-8"?>
<collection xmlns="http://www.loc.gov/MARC21/slim">
 <record>
  <leader>04959nam a2200445 a 4500</leader>
  <controlfield tag="001">TVCDKTCT8543</controlfield>
  <controlfield tag="003">Thư viện trường Cao đẳng Kỹ thuật Cao Thắng</controlfield>
  <controlfield tag="005">20220927095841.000</controlfield>
  <controlfield tag="008">080109</controlfield>
  <datafield tag="980" ind1="\" ind2="\">
   <subfield code="a">Thư viện Trường CĐ Kỹ Thuật Cao Thắng</subfield>
  </datafield>
  <datafield tag="024" ind1=" " ind2=" ">
   <subfield code="a">RG_1 #1 eb0 i1</subfield>
  </datafield>
  <datafield tag="041" ind1="0" ind2="#">
   <subfield code="a">vie</subfield>
  </datafield>
  <datafield tag="082" ind1="#" ind2="#">
   <subfield code="a">510 / </subfield>
   <subfield code="b">B103T-đ</subfield>
  </datafield>
  <datafield tag="100" ind1="1" ind2="#">
   <subfield code="a">Nguyễn Đình Trí</subfield>
  </datafield>
  <datafield tag="245" ind1="0" ind2="0">
   <subfield code="a">Bài tập toán cao cấp. Tập 1 / </subfield>
   <subfield code="c">Nguyễn Đình Trí, Lê Trọng Vinh, Dương Thủy Vỹ</subfield>
  </datafield>
  <datafield tag="250" ind1="#" ind2="#">
   <subfield code="a">In lần thứ 1</subfield>
  </datafield>
  <datafield tag="260" ind1="#" ind2="#">
   <subfield code="a">H. : </subfield>
   <subfield code="b">Giáo dục , </subfield>
   <subfield code="c">2007</subfield>
  </datafield>
  <datafield tag="300" ind1="#" ind2="#">
   <subfield code="a">248tr. ; </subfield>
   <subfield code="c">24cm</subfield>
  </datafield>
  <datafield tag="520" ind1="#" ind2="#">
   <subfield code="a">Chương 1: Tập hợp và ánh xạ. Số thực và số phức</subfield>
  </datafield>
  <datafield tag="520" ind1="#" ind2="#">
   <subfield code="a">Chương 2: Hàm số một biến số.Giới hạn và liên tục đạo hàm và vi phân.</subfield>
  </datafield>
  <datafield tag="520" ind1="#" ind2="#">
   <subfield code="a">Chương 3: Ứng dụng đạo hàm để khảo sát các hàm số.</subfield>
  </datafield>
  <datafield tag="520" ind1="#" ind2="#">
   <subfield code="a">Chương 4: Định thức. Ma trận. hệ phương trình tuyến tính.</subfield>
  </datafield>
  <datafield tag="520" ind1="#" ind2="#">
   <subfield code="a">Chương 5: Không gian véc tơ</subfield>
  </datafield>
  <datafield tag="520" ind1="#" ind2="#">
   <subfield code="a">Chương 6: Phép tính tích phân của hàm số một biến số.</subfield>
  </datafield>
  <datafield tag="520" ind1="#" ind2="#">
   <subfield code="a">Làm bài tập  là một khâu rất quan trọng trong việc học toán, nó giúp cho người học tóan hiểu lý thuyết thấu đáo hơn, rèn luyện tư duy khoa học, kỹ năng tính toán và khả năng vận dụng toán học vào giải quyết vấn đề, kích thích niềm say mê học tập, say mê tìm tòi của người học.Nội dung cuốn sách bao gồm 6 chương.Mỗi chương của bộ sách đều mở đầu bằng phần Tóm tắt lý thuyết, nhằm nhắc lại các điểm mấu chốt của lý thuyết về những: định nghĩa, định lý cơ bản, phương pháp cơ bản, công thức cơ bản. Phần Đề bài và phần Bài giải và hướng dẫn của mỗi chương được xếp tách rời nhau.</subfield>
  </datafield>
  <datafield tag="650" ind1="#" ind2="4">
   <subfield code="a">Toán học</subfield>
  </datafield>
  <datafield tag="653" ind1="#" ind2="#">
   <subfield code="a">Mathematics</subfield>
  </datafield>
  <datafield tag="700" ind1="0" ind2="#">
   <subfield code="a">Dương Thủy Vỹ</subfield>
  </datafield>
  <datafield tag="700" ind1="0" ind2="#">
   <subfield code="a">Lê Trọng Vinh</subfield>
  </datafield>
  <datafield tag="721" ind1="#" ind2="#">
   <subfield code="a">01. CNKT Điện - Điện tử</subfield>
  </datafield>
  <datafield tag="721" ind1="#" ind2="#">
   <subfield code="a">02. CNKT Điện tử viễn thông</subfield>
  </datafield>
  <datafield tag="721" ind1="#" ind2="#">
   <subfield code="a">03. CNKT Cơ khí</subfield>
  </datafield>
  <datafield tag="721" ind1="#" ind2="#">
   <subfield code="a">04. CNKT Ô tô</subfield>
  </datafield>
  <datafield tag="721" ind1="#" ind2="#">
   <subfield code="a">05. Công nghệ thông tin</subfield>
  </datafield>
  <datafield tag="721" ind1="#" ind2="#">
   <subfield code="a">06. CNKT Nhiệt lạnh</subfield>
  </datafield>
  <datafield tag="721" ind1="#" ind2="#">
   <subfield code="a">07. CNKT Cơ điện tử</subfield>
  </datafield>
  <datafield tag="721" ind1="#" ind2="#">
   <subfield code="a">08. CNKT Điều khiển và Tự động hóa</subfield>
  </datafield>
  <datafield tag="721" ind1="#" ind2="#">
   <subfield code="a">09. Kế Toán</subfield>
  </datafield>
  <datafield tag="721" ind1="#" ind2="#">
   <subfield code="a">16. Điện tử công nghiệp</subfield>
  </datafield>
  <datafield tag="841" ind1="#" ind2="#">
   <subfield code="b">Kho Sách </subfield>
   <subfield code="j">100022149, 100022150, 100022151, 100022152, 100022154, 100022155, 100022156, 100022159, 100022161, 100022197, 100022199, 100022202, 100022206, 100022207, 100022208, 100022211, 100022212, 100022213, 100022216, 100022217, 100022218, 100022221, 100022222, 100022223, 100022228, 100022232, 100022233, 100022238, 100022243, 100022245, 100022248, 100022249, 100022250, 100022251, 100022252, 100022253, 100022254, 100022256, 100022257, 100022258, 100022259, 100022260, 100022261, 100022262, 100022263, 100022264, 100022265, 100022266, 100022267, 100022268, 100022730, 100022733, 100022738, 100022743, 100022748, 100022753, 100022758, 100022761, 100022763, 100022766, 100022768, 100022773, 100022776, 100022782, 100022793, 100022799, 100022806, 100022818, 100022823, 100022836, 100022839, 100022841, 100022851, 100022856, 100022857, 100022858, 100022861, 100022862, 100022866, 100022867, 100022868, 100022870, 100022871, 100022873, 100022875, 100022878, 100022879, 100022889, 100022894, 100022895, 100022900, 100022905, 100022910, 100022917, 100022920, 100022938, 100023049, 100023050, 100023055, 100023059, 100023060, 100023061, 100023064, 100023065, 100023069, 100023070, 100023074, 100023075, 100023079, 100023080, 100023085, 100023089, 100023090, 100023095, 100023099, 100023100, 100023104, 100023105, 100023109, 100023110, 100023118, 100023122, 100023123, 100023127, 100023135, 100023136, 100023138, 100023143, 100023148, 100023149, 100023151, 100023153, 100023156, 100023158, 100023163, 100023166, 100023168, 100023171, 100023173, 100023176, 100023178, 100023258, 100023314, 100023354, 100023378, 100023400, 100023417, 100023427, 100023428, 100023433, 100023436, 100023439, 100023512, 100023513, 100023518, 100023563, 100023574, 100023582, 100023607, 100023608, 100023609, 100023610, 100023611, 100023612, 100023619, 100023620, 100023624, 100023625, 100023626, 100023632, 100023659, 100023670, 100023685, 100023687, 100023688, 100023692, 100023694, 100023707, 100023711, 100023717, 100023719, 100023720, 100023722, 100023724, 100023725, 100023726, 100023727, 100023731, 100023732, 100023763, 100023764, 100023769, 100023773, 100023788, 100023819, 100040454</subfield>
  </datafield>
 </record>
</collection>
